[Event "Moscow Open 2016 A"]
[Site "?"]
[Date "2016.01.30"]
[Round "1.9"]
[White "Turov, Maxim"]
[Black "Prikhodko, Anton"]
[Result "1-0"]
[BlackElo "2326"]
[WhiteElo "2610"]
[LiveChessVersion "1.4.7"]

1. e4 {[%clk 1:30:56]} e6 {[%clk 1:30:53]} 2. d3 {[%clk 1:31:02]} d5
{[%clk 1:31:02]} 3. Nd2 {[%clk 1:31:25]} Nf6 {[%clk 1:31:00]} 4. Ngf3
{[%clk 1:31:43]} Be7 {[%clk 1:28:35]} 5. g3 {[%clk 1:31:54]} dxe4
{[%clk 1:16:49]} 6. dxe4 {[%clk 1:31:40]} Nc6 {[%clk 1:12:33]} 7. e5
{[%clk 1:18:15]} Ng4 {[%clk 0:57:08]} 8. Bb5 {[%clk 1:13:45]} Bd7
{[%clk 0:45:38]} 9. Qe2 {[%clk 1:11:39]} O-O {[%clk 0:44:56]} 10. c3
{[%clk 1:05:21]} Qe8 {[%clk 0:28:34]} 11. Bd3 {[%clk 1:01:37]} f6
{[%clk 0:26:17]} 12. exf6 {[%clk 1:01:57]} Bxf6 {[%clk 0:26:36]} 13. Be4
{[%clk 0:42:35]} Rd8 {[%clk 0:21:19]} 14. Nc4 {[%clk 0:37:02]} b5
{[%clk 0:14:48]} 15. Ne3 {[%clk 0:30:46]} Nce5 {[%clk 0:13:40]} 16. Nxg4
{[%clk 0:27:18]} Nxg4 {[%clk 0:13:48]} 17. h3 {[%clk 0:26:23]} Ne5
{[%clk 0:11:31]} 18. Nxe5 {[%clk 0:26:29]} Bxe5 {[%clk 0:11:59]} 19. O-O
{[%clk 0:25:55]} Bd6 {[%clk 0:10:20]} 20. Bg5 {[%clk 0:25:15]} Rc8
{[%clk 0:09:33]} 21. Rad1 {[%clk 0:22:48]} e5 {[%clk 0:09:00]} 22. g4
{[%clk 0:18:30]} Bc6 {[%clk 0:03:49]} 23. f3 {[%clk 0:13:09]} Bxe4
{[%clk 0:03:00]} 24. Qxe4 {[%clk 0:13:28]} Qe6 {[%clk 0:02:52]} 25. b3
{[%clk 0:12:13]} a6 {[%clk 0:02:51]} 26. Kg2 {[%clk 0:12:11]} Rce8
{[%clk 0:03:04]} 27. Rfe1 {[%clk 0:12:24]} h6 {[%clk 0:02:10]} 28. Bc1
{[%clk 0:11:54]} Qf6 {[%clk 0:01:57]} 29. Rd3 {[%clk 0:11:55]} Qh4
{[%clk 0:01:18]} 30. Re2 {[%clk 0:10:30]} Kh8 {[%clk 0:01:36]} 31. Be3
{[%clk 0:10:23]} Qf6 {[%clk 0:01:36]} 32. Bf2 {[%clk 0:10:16]} Qf4
{[%clk 0:01:19]} 33. Bg3 {[%clk 0:10:04]} Qc1 {[%clk 0:01:03]} 34. Re1
{[%clk 0:08:35]} Qa3 {[%clk 0:01:03]} 35. Re2 {[%clk 0:07:09]} Qc1
{[%clk 0:01:24]} 36. c4 {[%clk 0:05:31]} bxc4 {[%clk 0:01:10]} 37. Qxc4
{[%clk 0:05:54]} Qb1 {[%clk 0:00:44]} 38. Qc2 {[%clk 0:05:43]} Qxc2
{[%clk 0:00:49]} 39. Rxc2 {[%clk 0:06:09]} Rf6 {[%clk 0:00:33]} 40. Rc4
{[%clk 0:36:27]} Rfe6 {[%clk 0:30:41]} 41. Re4 {[%clk 0:36:11]} Bc5
{[%clk 0:27:51]} 42. Rc3 {[%clk 0:34:42]} Bb6 {[%clk 0:25:58]} 43. Rc2
{[%clk 0:34:54]} Kg8 {[%clk 0:21:27]} 44. Rce2 {[%clk 0:32:25]} Bd4
{[%clk 0:19:55]} 45. f4 {[%clk 0:32:46]} Kf7 {[%clk 0:16:14]} 46. fxe5
{[%clk 0:32:45]} Ba1 {[%clk 0:15:29]} 47. Rf2+ {[%clk 0:31:27]} Kg6
{[%clk 0:15:28]} 48. h4 {[%clk 0:29:55]} h5 {[%clk 0:14:37]} 49. gxh5+
{[%clk 0:28:51]} Kxh5 {[%clk 0:14:59]} 50. Rf7 {[%clk 0:27:38]} Kg6
{[%clk 0:10:18]} 51. Rxc7 {[%clk 0:23:06]} Bxe5 {[%clk 0:10:41]} 52. Bxe5
{[%clk 0:18:37]} Rxe5 {[%clk 0:10:08]} 53. Rc6+ {[%clk 0:18:51]} Kh5
{[%clk 0:10:27]} 54. Rxe5+ {[%clk 0:19:17]} Rxe5 {[%clk 0:10:51]} 55. Rxa6
{[%clk 0:19:42]} Kxh4 {[%clk 0:11:16]} 56. Rg6 {[%clk 0:19:23]} Re2+
{[%clk 0:06:42]} 57. Kf3 {[%clk 0:19:43]} Rxa2 {[%clk 0:07:07]} 58. Rxg7
{[%clk 0:20:09]} Rb2 {[%clk 0:07:25]} 59. Kf4 {[%clk 0:19:32]} Kh5
{[%clk 0:07:18]} 60. Rb7 {[%clk 0:18:21]} Kg6 {[%clk 0:07:14]} 61. Ke5
{[%clk 0:18:46]} Re2+ {[%clk 0:07:21]} 62. Kd6 {[%clk 0:18:43]} Kf6
{[%clk 0:07:45]} 63. b4 {[%clk 0:18:33]} Rd2+ {[%clk 0:07:58]} 64. Kc6
{[%clk 0:18:45]} Ke6 {[%clk 0:08:21]} 65. Rh7 {[%clk 0:17:43]} Rc2+
{[%clk 0:07:58]} 66. Kb6 {[%clk 0:18:02]} Kd6 {[%clk 0:07:59]} 67. b5
{[%clk 0:18:24]} Rb2 {[%clk 0:08:11]} 68. Ka6 {[%clk 0:18:31]} Ra2+
{[%clk 0:05:38]} 69. Kb7 {[%clk 0:18:51]} Rb2 {[%clk 0:05:50]} 70. b6
{[%clk 0:19:15]} Rb1 {[%clk 0:06:15]} 71. Rh2 {[%clk 0:18:40]} Kd7
{[%clk 0:04:32]} 72. Rd2+ {[%clk 0:19:01]} Ke7 {[%clk 0:04:49]} 73. Kc7
{[%clk 0:19:25]} Rc1+ {[%clk 0:05:11]} 74. Kb8 {[%clk 0:19:48]} Rb1
{[%clk 0:05:29]} 75. b7 {[%clk 0:20:13]} Ra1 {[%clk 0:04:45]} 76. Rd4
{[%clk 0:20:36]} Ra3 {[%clk 0:04:39]} 77. Kc7 {[%clk 0:20:57]} Rc3+
{[%clk 0:05:00]} 78. Kb6 {[%clk 0:21:21]} Rb3+ {[%clk 0:05:23]} 79. Kc6
{[%clk 0:21:46]} Ke8 {[%clk 0:05:41]} 80. Rd5 {[%clk 0:22:04]} 1-0

[Event "Moscow Open 2016 A"]
[Site "?"]
[Date "2016.01.30"]
[Round "1.10"]
[White "Kholopov, Alexander A."]
[Black "Goganov, Aleksey"]
[Result "0-1"]
[BlackElo "2591"]
[WhiteElo "2325"]
[LiveChessVersion "1.4.7"]

1. d4 {[%clk 1:30:58]} Nf6 {[%clk 1:30:55]} 2. c4 {[%clk 1:31:25]} e6
{[%clk 1:31:20]} 3. Nc3 {[%clk 1:31:50]} Bb4 {[%clk 1:31:43]} 4. Qc2
{[%clk 1:32:18]} d5 {[%clk 1:32:05]} 5. cxd5 {[%clk 1:31:47]} exd5
{[%clk 1:32:25]} 6. Bg5 {[%clk 1:30:52]} h6 {[%clk 1:32:49]} 7. Bxf6
{[%clk 1:18:24]} Qxf6 {[%clk 1:32:31]} 8. a3 {[%clk 1:18:35]} Bxc3+
{[%clk 1:32:28]} 9. Qxc3 {[%clk 1:19:01]} O-O {[%clk 1:32:35]} 10. e3
{[%clk 1:17:04]} Bf5 {[%clk 1:32:41]} 11. Nf3 {[%clk 1:08:39]} Nd7
{[%clk 1:32:44]} 12. Be2 {[%clk 1:03:46]} Rfc8 {[%clk 1:17:39]} 13. O-O
{[%clk 0:48:28]} c5 {[%clk 1:17:38]} 14. Rac1 {[%clk 0:37:53]} c4
{[%clk 1:16:48]} 15. Ne5 {[%clk 0:37:35]} b5 {[%clk 1:11:34]} 16. g4
{[%clk 0:31:42]} Nxe5 {[%clk 0:49:07]} 17. dxe5 {[%clk 0:31:22]} Qg6
{[%clk 0:48:29]} 18. f3 {[%clk 0:28:01]} a5 {[%clk 0:47:30]} 19. Rf2
{[%clk 0:15:13]} Rcb8 {[%clk 0:44:22]} 20. Qd4 {[%clk 0:13:32]} Be6
{[%clk 0:43:57]} 21. Bd1 {[%clk 0:09:34]} f6 {[%clk 0:42:03]} 22. f4
{[%clk 0:08:52]} fxe5 {[%clk 0:39:56]} 23. Qxe5 {[%clk 0:09:18]} Qf6
{[%clk 0:39:41]} 24. Qxf6 {[%clk 0:09:14]} gxf6 {[%clk 0:40:06]} 25. Bf3
{[%clk 0:09:29]} b4 {[%clk 0:39:03]} 26. Rd2 {[%clk 0:09:38]} Rb5
{[%clk 0:34:38]} 27. f5 {[%clk 0:03:05]} Bf7 {[%clk 0:34:57]} 28. Rxc4
{[%clk 0:03:30]} dxc4 {[%clk 0:35:02]} 29. Bxa8 {[%clk 0:03:58]} c3
{[%clk 0:34:50]} 30. Rc2 {[%clk 0:01:40]} Bb3 {[%clk 0:33:50]} 0-1

[Event "Moscow Open 2016 A"]
[Site "?"]
[Date "2016.01.30"]
[Round "1.11"]
[White "Ponkratov, Pavel"]
[Black "Savenkov, Konstantin"]
[Result "1-0"]
[BlackElo "2325"]
[WhiteElo "2591"]
[LiveChessVersion "1.4.7"]

1. e4 {[%clk 1:30:58]} e6 {[%clk 1:30:34]} 2. d4 {[%clk 1:31:20]} d5
{[%clk 1:30:59]} 3. Nc3 {[%clk 1:31:07]} Bb4 {[%clk 1:31:24]} 4. e5
{[%clk 1:31:33]} Ne7 {[%clk 1:31:51]} 5. a3 {[%clk 1:31:50]} Bxc3+
{[%clk 1:32:17]} 6. bxc3 {[%clk 1:32:17]} c5 {[%clk 1:32:41]} 7. h4
{[%clk 1:32:44]} Nbc6 {[%clk 1:30:04]} 8. h5 {[%clk 1:33:06]} h6 {[%clk 1:30:31]}
9. Nf3 {[%clk 1:32:02]} Qa5 {[%clk 1:28:03]} 10. Bd2 {[%clk 1:31:47]} Bd7
{[%clk 1:27:53]} 11. a4 {[%clk 1:20:49]} c4 {[%clk 1:16:12]} 12. g3
{[%clk 1:20:34]} O-O-O {[%clk 1:15:38]} 13. Bh3 {[%clk 1:20:42]} f5
{[%clk 1:09:17]} 14. exf6 {[%clk 1:10:49]} gxf6 {[%clk 1:09:44]} 15. Qe2
{[%clk 1:11:13]} Nf5 {[%clk 1:08:57]} 16. O-O {[%clk 1:02:34]} Rde8
{[%clk 1:00:37]} 17. Nh2 {[%clk 1:01:08]} Nd6 {[%clk 0:54:53]} 18. Bg2
{[%clk 0:56:26]} e5 {[%clk 0:46:43]} 19. dxe5 {[%clk 0:56:45]} Rxe5
{[%clk 0:45:52]} 20. Qd1 {[%clk 0:51:24]} Ne4 {[%clk 0:38:22]} 21. Ng4
{[%clk 0:48:56]} Re6 {[%clk 0:25:37]} 22. Ne3 {[%clk 0:40:08]} d4
{[%clk 0:20:05]} 23. cxd4 {[%clk 0:27:05]} Nxd2 {[%clk 0:19:43]} 24. d5
{[%clk 0:27:31]} Rxe3 {[%clk 0:19:20]} 25. dxc6 {[%clk 0:27:55]} Re7
{[%clk 0:19:15]} 26. cxd7+ {[%clk 0:28:00]} Rxd7 {[%clk 0:19:41]} 27. Re1
{[%clk 0:24:30]} Nb3 {[%clk 0:20:00]} 28. Bxb7+ {[%clk 0:23:23]} Kc7
{[%clk 0:17:52]} 29. Qf3 {[%clk 0:22:44]} Nxa1 {[%clk 0:17:58]} 30. Qc6+
{[%clk 0:16:54]} Kb8 {[%clk 0:18:23]} 31. Rb1 {[%clk 0:17:20]} Re7
{[%clk 0:10:30]} 32. Qd6+ {[%clk 0:15:10]} Qc7 {[%clk 0:09:47]} 33. Bf3+
{[%clk 0:14:31]} Nb3 {[%clk 0:09:12]} 34. Qd5 {[%clk 0:09:08]} Kc8
{[%clk 0:06:20]} 35. cxb3 {[%clk 0:08:17]} c3 {[%clk 0:05:36]} 36. Rc1
{[%clk 0:08:40]} Re5 {[%clk 0:03:20]} 37. Qa8+ {[%clk 0:08:19]} Qb8
{[%clk 0:03:44]} 38. Bg4+ {[%clk 0:04:09]} f5 {[%clk 0:03:56]} 39. Rxc3+
{[%clk 0:04:26]} Kd7 {[%clk 0:04:23]} 40. Qc6+ {[%clk 0:34:26]} Ke7
{[%clk 0:34:50]} 41. Bf3 {[%clk 0:33:16]} Re6 {[%clk 0:27:09]} 42. Qc5+
{[%clk 0:33:34]} Kf6 {[%clk 0:27:24]} 43. Bd5 {[%clk 0:30:42]} Re1+
{[%clk 0:24:23]} 44. Kg2 {[%clk 0:31:02]} Rd8 {[%clk 0:21:31]} 45. Qd4+
{[%clk 0:30:26]} Re5 {[%clk 0:21:47]} 46. Rc6+ {[%clk 0:30:05]} Ke7
{[%clk 0:15:08]} 47. Qh4+ {[%clk 0:30:15]} Ke8 {[%clk 0:15:03]} 48. Bf3
{[%clk 0:29:06]} Rd6 {[%clk 0:15:09]} 49. Qc4 {[%clk 0:28:09]} Rxc6
{[%clk 0:14:48]} 50. Qg8+ {[%clk 0:28:33]} 1-0

[Event "Moscow Open 2016 A"]
[Site "?"]
[Date "2016.01.30"]
[Round "1.12"]
[White "Rychkov, Oleg"]
[Black "Eliseev, Urii"]
[Result "0-1"]
[BlackElo "2582"]
[WhiteElo "2323"]
[LiveChessVersion "1.4.7"]

1. Nf3 {[%clk 1:30:55]} Nf6 {[%clk 1:30:06]} 2. c4 {[%clk 1:30:38]} g6
{[%clk 1:30:11]} 3. Nc3 {[%clk 1:29:48]} d5 {[%clk 1:30:33]} 4. d4
{[%clk 1:29:54]} Bg7 {[%clk 1:30:48]} 5. Bf4 {[%clk 1:30:03]} O-O
{[%clk 1:27:02]} 6. Rc1 {[%clk 1:29:02]} dxc4 {[%clk 1:23:13]} 7. e3
{[%clk 1:26:09]} Be6 {[%clk 1:23:36]} 8. Ng5 {[%clk 1:25:59]} Bd5
{[%clk 1:24:00]} 9. e4 {[%clk 1:24:44]} h6 {[%clk 1:24:26]} 10. exd5
{[%clk 1:21:25]} hxg5 {[%clk 1:24:27]} 11. Bxg5 {[%clk 1:21:45]} Nxd5
{[%clk 1:24:49]} 12. Bxc4 {[%clk 1:21:39]} Nb6 {[%clk 1:25:11]} 13. Bb3
{[%clk 1:18:28]} Nc6 {[%clk 1:25:17]} 14. d5 {[%clk 1:12:55]} Nd4
{[%clk 1:25:03]} 15. O-O {[%clk 1:12:34]} Qd7 {[%clk 1:22:44]} 16. Re1
{[%clk 1:09:44]} Rfe8 {[%clk 1:21:41]} 17. Be3 {[%clk 0:48:06]} Nxb3
{[%clk 1:16:30]} 18. Qxb3 {[%clk 0:48:27]} Bxc3 {[%clk 1:16:36]} 19. bxc3
{[%clk 0:47:30]} Qxd5 {[%clk 1:15:48]} 20. c4 {[%clk 0:47:39]} Qc6
{[%clk 1:12:32]} 21. Bg5 {[%clk 0:39:14]} f6 {[%clk 1:09:45]} 22. Qh3
{[%clk 0:37:02]} e5 {[%clk 1:01:53]} 23. Bd2 {[%clk 0:32:29]} Rad8
{[%clk 0:51:27]} 24. Qh6 {[%clk 0:31:39]} Re7 {[%clk 0:48:36]} 25. Bb4
{[%clk 0:30:08]} Rg7 {[%clk 0:46:38]} 26. f4 {[%clk 0:26:48]} Nxc4
{[%clk 0:42:14]} 27. Kh1 {[%clk 0:21:16]} e4 {[%clk 0:32:07]} 28. Bc3
{[%clk 0:16:59]} b5 {[%clk 0:25:24]} 29. f5 {[%clk 0:13:39]} e3 {[%clk 0:23:44]}
30. fxg6 {[%clk 0:13:15]} Qe4 {[%clk 0:23:02]} 31. Bxf6 {[%clk 0:12:23]} Rxg6
{[%clk 0:23:29]} 32. Qh8+ {[%clk 0:09:37]} Kf7 {[%clk 0:23:18]} 33. Qh7+
{[%clk 0:07:49]} Kxf6 {[%clk 0:23:35]} 34. Rf1+ {[%clk 0:07:45]} Ke6
{[%clk 0:23:11]} 35. Qf7+ {[%clk 0:05:47]} Kd6 {[%clk 0:23:34]} 36. Rcd1+
{[%clk 0:05:40]} Kc6 {[%clk 0:22:40]} 37. Rf6+ {[%clk 0:06:04]} Kb7
{[%clk 0:22:45]} 0-1

[Event "Moscow Open 2016 A"]
[Site "?"]
[Date "2016.01.30"]
[Round "1.13"]
[White "Antal, Gergely"]
[Black "Krylov, Ivan"]
[Result "1-0"]
[BlackElo "2322"]
[WhiteElo "2566"]
[LiveChessVersion "1.4.7"]

1. e4 {[%clk 1:30:58]} e5 {[%clk 1:22:02]} 2. Nc3 {[%clk 1:31:16]} Nf6
{[%clk 1:21:39]} 3. g3 {[%clk 1:31:39]} Nc6 {[%clk 1:20:31]} 4. Bg2
{[%clk 1:31:58]} Bc5 {[%clk 1:18:40]} 5. Nge2 {[%clk 1:31:19]} O-O
{[%clk 1:17:05]} 6. O-O {[%clk 1:31:15]} a6 {[%clk 1:13:24]} 7. d3
{[%clk 1:29:05]} d6 {[%clk 1:12:40]} 8. h3 {[%clk 1:29:16]} Be6 {[%clk 1:11:49]}
9. Nd5 {[%clk 1:29:10]} Nd4 {[%clk 1:04:59]} 10. Nxd4 {[%clk 1:19:02]} Bxd4
{[%clk 1:04:17]} 11. c3 {[%clk 1:19:18]} Ba7 {[%clk 1:03:33]} 12. Bg5
{[%clk 1:18:25]} Bxd5 {[%clk 1:01:21]} 13. exd5 {[%clk 1:16:38]} h6
{[%clk 1:01:19]} 14. Bd2 {[%clk 1:12:57]} Qd7 {[%clk 0:56:41]} 15. Kh2
{[%clk 1:11:09]} Rae8 {[%clk 0:56:33]} 16. Qb3 {[%clk 1:02:58]} Bb6
{[%clk 0:47:40]} 17. a4 {[%clk 0:59:09]} a5 {[%clk 0:45:25]} 18. Rae1
{[%clk 0:55:26]} Qf5 {[%clk 0:36:49]} 19. Qc4 {[%clk 0:53:28]} Qg6
{[%clk 0:32:51]} 20. g4 {[%clk 0:33:44]} Nh7 {[%clk 0:21:44]} 21. b4
{[%clk 0:15:37]} f5 {[%clk 0:16:47]} 22. bxa5 {[%clk 0:14:45]} Bxa5
{[%clk 0:16:31]} 23. Qb5 {[%clk 0:11:04]} Bb6 {[%clk 0:08:49]} 24. a5
{[%clk 0:11:13]} Bc5 {[%clk 0:08:31]} 25. gxf5 {[%clk 0:11:09]} Rxf5
{[%clk 0:04:20]} 26. d4 {[%clk 0:09:10]} Ref8 {[%clk 0:04:29]} 27. Be3
{[%clk 0:09:22]} c6 {[%clk 0:00:59]} 28. dxc6 {[%clk 0:08:56]} exd4
{[%clk 0:01:16]} 29. cxd4 {[%clk 0:08:23]} Ba7 {[%clk 0:00:53]} 30. Qxb7
{[%clk 0:07:21]} Rxa5 {[%clk 0:00:40]} 31. c7 {[%clk 0:07:03]} Qf5
{[%clk 0:00:48]} 32. Rc1 {[%clk 0:06:28]} Rc8 {[%clk 0:00:48]} 33. Qb3+
{[%clk 0:04:53]} Kh8 {[%clk 0:00:47]} 34. Bb7 {[%clk 0:05:05]} Bxd4
{[%clk 0:00:33]} 35. Bxd4 {[%clk 0:05:01]} Ng5 {[%clk 0:00:47]} 36. Bxc8
{[%clk 0:03:06]} Nf3+ {[%clk 0:00:44]} 37. Qxf3 {[%clk 0:03:39]} Qxf3
{[%clk 0:01:38]} 38. Bb7 {[%clk 0:03:21]} 1-0

[Event "Moscow Open 2016 A"]
[Site "?"]
[Date "2016.01.30"]
[Round "1.14"]
[White "Fakhrutdinov, Timur"]
[Black "Frolyanov, Dmitry"]
[Result "1-0"]
[BlackElo "2563"]
[WhiteElo "2320"]
[LiveChessVersion "1.4.7"]

1. e4 {[%clk 1:30:58]} c5 {[%clk 1:30:55]} 2. Nf3 {[%clk 1:31:23]} d6
{[%clk 1:31:20]} 3. d4 {[%clk 1:31:48]} cxd4 {[%clk 1:31:46]} 4. Nxd4
{[%clk 1:32:14]} Nf6 {[%clk 1:32:11]} 5. Nc3 {[%clk 1:32:37]} a6 {[%clk 1:32:36]}
6. Bg5 {[%clk 1:32:58]} Nbd7 {[%clk 1:32:59]} 7. f4 {[%clk 1:32:32]} Qc7
{[%clk 1:30:29]} 8. Qe2 {[%clk 1:32:26]} e5 {[%clk 1:28:21]} 9. Nf5
{[%clk 1:32:23]} h6 {[%clk 1:28:03]} 10. Bxf6 {[%clk 1:27:57]} Nxf6
{[%clk 1:26:04]} 11. fxe5 {[%clk 1:25:21]} dxe5 {[%clk 1:26:28]} 12. O-O-O
{[%clk 1:25:42]} Bd7 {[%clk 1:19:01]} 13. Qf3 {[%clk 1:19:22]} O-O-O
{[%clk 1:11:46]} 14. Be2 {[%clk 1:11:52]} Kb8 {[%clk 1:04:36]} 15. Kb1
{[%clk 0:58:50]} Rc8 {[%clk 1:02:53]} 16. Rhf1 {[%clk 0:57:43]} Qb6
{[%clk 0:50:11]} 17. Rd3 {[%clk 0:18:43]} Ba3 {[%clk 0:42:55]} 18. Nd1
{[%clk 0:17:18]} Ba4 {[%clk 0:37:19]} 19. Nfe3 {[%clk 0:10:19]} Bb4
{[%clk 0:35:22]} 20. a3 {[%clk 0:07:01]} Ba5 {[%clk 0:29:30]} 21. c4
{[%clk 0:02:56]} Rhd8 {[%clk 0:22:25]} 22. Nd5 {[%clk 0:01:45]} Nxd5
{[%clk 0:21:59]} 23. Rxd5 {[%clk 0:02:08]} Bc6 {[%clk 0:19:19]} 24. c5
{[%clk 0:00:40]} Qc7 {[%clk 0:14:30]} 25. Rxd8 {[%clk 0:00:49]} Qxd8
{[%clk 0:14:32]} 26. b4 {[%clk 0:00:41]} f5 {[%clk 0:11:36]} 27. Nc3
{[%clk 0:00:36]} fxe4 {[%clk 0:11:39]} 28. Qg3 {[%clk 0:00:31]} Bc7
{[%clk 0:04:00]} 29. Bg4 {[%clk 0:00:51]} Qg8 {[%clk 0:01:36]} 30. Bxc8
{[%clk 0:00:49]} Kxc8 {[%clk 0:01:55]} 31. Kb2 {[%clk 0:00:51]} Kb8
{[%clk 0:02:13]} 32. Qe3 {[%clk 0:00:46]} Qc4 {[%clk 0:01:31]} 33. Qe2
{[%clk 0:01:02]} Qe6 {[%clk 0:00:53]} 34. Nxe4 {[%clk 0:00:50]} Ka7
{[%clk 0:01:08]} 35. Re1 {[%clk 0:00:39]} Be8 {[%clk 0:00:59]} 36. Nd6
{[%clk 0:00:33]} Ba4 {[%clk 0:00:40]} 37. Qe3 {[%clk 0:00:40]} e4
{[%clk 0:01:01]} 38. Qc3 {[%clk 0:00:37]} Bd8 {[%clk 0:01:02]} 39. Nxe4
{[%clk 0:00:38]} Qd5 {[%clk 0:00:52]} 40. Re2 {[%clk 0:30:35]} Bc7
{[%clk 0:30:36]} 41. Nd6 {[%clk 0:26:51]} Bd8 {[%clk 0:30:49]} 42. Rd2
{[%clk 0:25:53]} Qg8 {[%clk 0:27:58]} 43. Qc4 {[%clk 0:22:41]} Bf6+
{[%clk 0:28:14]} 44. Ka2 {[%clk 0:23:04]} Qh7 {[%clk 0:28:27]} 45. Qf7
{[%clk 0:18:30]} Bc6 {[%clk 0:28:36]} 46. Nxb7 {[%clk 0:18:19]} 1-0

[Event "Moscow Open 2016 A"]
[Site "?"]
[Date "2016.01.31"]
[Round "2.1"]
[White "Vorontsov, Pavlo"]
[Black "Korobov, Anton"]
[Result "0-1"]
[BlackElo "2710"]
[WhiteElo "2395"]
[LiveChessVersion "1.4.7"]

1. e4 {[%clk 1:30:55]} c5 {[%clk 1:30:51]} 2. Nf3 {[%clk 1:31:03]} d6
{[%clk 1:31:15]} 3. d4 {[%clk 1:30:54]} cxd4 {[%clk 1:31:38]} 4. Qxd4
{[%clk 1:30:44]} Nc6 {[%clk 1:31:53]} 5. Bb5 {[%clk 1:30:44]} a6 {[%clk 1:32:17]}
6. Bxc6+ {[%clk 1:31:02]} bxc6 {[%clk 1:32:45]} 7. O-O {[%clk 1:29:29]} e5
{[%clk 1:32:14]} 8. Qd3 {[%clk 1:27:11]} Nf6 {[%clk 1:28:50]} 9. Rd1
{[%clk 1:23:01]} Qc7 {[%clk 1:24:13]} 10. c4 {[%clk 1:07:54]} Be7
{[%clk 1:22:15]} 11. Nc3 {[%clk 1:08:14]} O-O {[%clk 1:17:53]} 12. Bg5
{[%clk 0:59:59]} Rd8 {[%clk 1:17:37]} 13. Nd2 {[%clk 0:59:26]} Bg4
{[%clk 1:14:38]} 14. f3 {[%clk 0:58:55]} Be6 {[%clk 1:14:50]} 15. Bxf6
{[%clk 0:39:17]} Qb6+ {[%clk 1:11:21]} 16. Kh1 {[%clk 0:39:30]} Bxf6
{[%clk 1:11:43]} 17. b3 {[%clk 0:38:02]} h5 {[%clk 1:02:38]} 18. Nf1
{[%clk 0:37:50]} Bg5 {[%clk 1:03:00]} 19. Qe2 {[%clk 0:36:21]} a5
{[%clk 0:58:36]} 20. Na4 {[%clk 0:34:19]} Qa7 {[%clk 0:58:03]} 21. Rd3
{[%clk 0:33:31]} Rd7 {[%clk 0:54:17]} 22. Rad1 {[%clk 0:33:16]} Rad8
{[%clk 0:54:42]} 23. Ne3 {[%clk 0:32:44]} g6 {[%clk 0:54:06]} 24. Nd5
{[%clk 0:29:23]} cxd5 {[%clk 0:47:55]} 25. cxd5 {[%clk 0:29:42]} Bh3
{[%clk 0:48:18]} 26. gxh3 {[%clk 0:26:42]} Rc7 {[%clk 0:46:39]} 27. Rc3
{[%clk 0:18:18]} Rxc3 {[%clk 0:45:14]} 28. Nxc3 {[%clk 0:18:43]} Rc8 29. Nb5
{[%clk 0:17:40]} Qc5 {[%clk 0:42:42]} 30. Qc4 {[%clk 0:16:24]} Qf2
{[%clk 0:41:04]} 31. Rf1 {[%clk 0:15:44]} Rxc4 {[%clk 0:40:55]} 32. Rxf2
{[%clk 0:13:14]} Rc1+ {[%clk 0:41:18]} 33. Kg2 {[%clk 0:13:41]} Be3
{[%clk 0:41:39]} 34. Rf1 {[%clk 0:10:54]} Rc2+ {[%clk 0:41:53]} 35. Kh1
{[%clk 0:11:19]} Bc5 {[%clk 0:42:17]} 36. f4 {[%clk 0:09:12]} exf4
{[%clk 0:41:41]} 37. Rxf4 {[%clk 0:08:31]} Rxa2 {[%clk 0:41:24]} 38. e5
{[%clk 0:08:17]} dxe5 {[%clk 0:41:20]} 39. Rc4 {[%clk 0:08:42]} Bb4
{[%clk 0:41:13]} 0-1

[Event "Moscow Open 2016 A"]
[Site "?"]
[Date "2016.01.31"]
[Round "2.2"]
[White "Inarkiev, Ernesto"]
[Black "Bublei, Pavel"]
[Result "*"]
[BlackElo "2391"]
[WhiteElo "2676"]
[LiveChessVersion "1.4.7"]

1. e4 {[%clk 1:30:57]} c6 {[%clk 1:30:55]} 2. d4 {[%clk 1:31:23]} d5
{[%clk 1:31:19]} 3. e5 {[%clk 1:31:50]} Bf5 {[%clk 1:31:40]} 4. Nf3
{[%clk 1:32:16]} e6 {[%clk 1:31:54]} 5. Be2 {[%clk 1:32:42]} Ne7 {[%clk 1:32:13]}
6. O-O {[%clk 1:32:57]} Nd7 {[%clk 1:32:28]} 7. Nbd2 {[%clk 1:33:15]} Ng6
{[%clk 1:32:22]} 8. Nb3 {[%clk 1:29:27]} Be7 {[%clk 1:32:19]} 9. Be3
{[%clk 1:20:30]} h5 {[%clk 1:28:19]} 10. a4 {[%clk 1:18:20]} h4 {[%clk 1:26:33]}
11. a5 {[%clk 1:18:36]} O-O {[%clk 1:18:09]} 12. Ne1 {[%clk 1:07:18]} b6
{[%clk 1:05:59]} 13. f4 {[%clk 1:05:40]} c5 {[%clk 1:04:30]} 14. g4
{[%clk 0:56:44]} hxg3 {[%clk 1:04:29]} 15. hxg3 {[%clk 0:57:11]} Be4
{[%clk 1:02:33]} 16. Nf3 {[%clk 0:51:19]} Rc8 {[%clk 0:59:13]} 17. c3
{[%clk 0:46:57]} bxa5 {[%clk 0:58:48]} 18. Nfd2 {[%clk 0:43:03]} cxd4
{[%clk 0:48:07]} 19. Bxd4 {[%clk 0:43:27]} Nc5 {[%clk 0:48:19]} 20. Rxa5
{[%clk 0:43:00]} Nxb3 {[%clk 0:44:47]} 21. Nxb3 {[%clk 0:43:26]} f6
{[%clk 0:44:50]} 22. Ra6 {[%clk 0:30:43]} Qd7 {[%clk 0:41:37]} 23. Nd2
{[%clk 0:24:32]} fxe5 {[%clk 0:35:19]} 24. fxe5 {[%clk 0:23:10]} Bf5
{[%clk 0:35:28]} 25. g4 {[%clk 0:18:18]} Be4 {[%clk 0:35:43]} 26. Rxa7
{[%clk 0:18:12]} Rc7 {[%clk 0:35:54]} 27. Rxc7 {[%clk 0:16:56]} Qxc7
{[%clk 0:36:19]} 28. Nxe4 {[%clk 0:17:23]} dxe4 {[%clk 0:36:35]} 29. Qc2
{[%clk 0:10:10]} Qc6 {[%clk 0:33:20]} 30. Rxf8+ {[%clk 0:10:37]} Bxf8
{[%clk 0:28:39]} 31. Qd2 {[%clk 0:09:24]} Be7 {[%clk 0:24:32]} 32. Qe3
{[%clk 0:08:43]} Nh4 {[%clk 0:24:27]} 33. Kf2 {[%clk 0:04:36]} Qa8
{[%clk 0:21:41]} 34. b4 {[%clk 0:04:49]} Ng6 {[%clk 0:17:16]} 35. b5
{[%clk 0:04:29]} *

[Event "Moscow Open 2016 A"]
[Site "?"]
[Date "2016.01.31"]
[Round "2.3"]
[White "Vakhlamov, Igor L."]
[Black "Artemiev, Vladislav"]
[Result "*"]
[BlackElo "2673"]
[WhiteElo "2390"]
[LiveChessVersion "1.4.7"]

1. e4 {[%clk 1:30:54]} c5 {[%clk 1:30:44]} 2. Nf3 {[%clk 1:31:17]} e6
{[%clk 1:30:31]} 3. d4 {[%clk 1:31:35]} cxd4 {[%clk 1:30:46]} 4. Nxd4
{[%clk 1:32:00]} a6 {[%clk 1:30:55]} 5. Bd3 {[%clk 1:31:35]} Nf6 {[%clk 1:29:40]}
6. O-O {[%clk 1:30:57]} Qc7 {[%clk 1:29:43]} 7. Qe2 {[%clk 1:29:49]} d6
{[%clk 1:29:44]} 8. f4 {[%clk 1:28:40]} g6 {[%clk 1:28:18]} 9. c4
{[%clk 1:19:57]} Bg7 {[%clk 1:27:50]} 10. Nc3 {[%clk 1:12:02]} O-O
{[%clk 1:21:59]} 11. Nf3 {[%clk 1:11:25]} Nbd7 {[%clk 1:20:57]} 12. Bd2
{[%clk 1:08:23]} b6 {[%clk 1:19:48]} 13. Rae1 {[%clk 1:08:02]} Bb7
{[%clk 1:19:50]} 14. b3 {[%clk 1:00:55]} Rfe8 {[%clk 1:08:30]} 15. Qf2
{[%clk 0:57:47]} b5 {[%clk 1:00:24]} 16. cxb5 {[%clk 0:39:19]} Ng4
{[%clk 1:00:11]} 17. Qh4 {[%clk 0:39:11]} Bxc3 {[%clk 0:58:32]} 18. Qxg4
{[%clk 0:33:44]} axb5 {[%clk 0:51:45]} 19. Bb1 {[%clk 0:33:38]} b4
{[%clk 0:43:46]} 20. Kh1 {[%clk 0:32:39]} Ra5 {[%clk 0:33:29]} 21. Rc1
{[%clk 0:28:50]} Bxe4 {[%clk 0:32:16]} 22. Bxe4 {[%clk 0:18:19]} Nf6
{[%clk 0:32:04]} 23. Qh4 {[%clk 0:17:59]} Nxe4 {[%clk 0:32:26]} 24. Bxc3
{[%clk 0:17:00]} bxc3 {[%clk 0:31:24]} 25. a4 {[%clk 0:15:37]} Rb8
{[%clk 0:22:23]} 26. Nd4 {[%clk 0:15:00]} Nd2 {[%clk 0:22:10]} 27. Rf2
{[%clk 0:09:58]} Nxb3 {[%clk 0:19:26]} 28. Nxb3 {[%clk 0:08:36]} Rxb3
{[%clk 0:19:49]} 29. Rf3 {[%clk 0:08:27]} Rxa4 {[%clk 0:19:30]} 30. Rh3
{[%clk 0:08:37]} h5 {[%clk 0:19:37]} 31. Qf6 {[%clk 0:08:34]} Rba3
{[%clk 0:13:23]} 32. Rg3 {[%clk 0:05:15]} Ra1 {[%clk 0:12:56]} 33. Rxg6+
{[%clk 0:05:39]} fxg6 {[%clk 0:13:17]} 34. Qxg6+ {[%clk 0:05:59]} Kf8
{[%clk 0:13:37]} 35. Qf6+ {[%clk 0:06:16]} *